Statistics for Kerala Quiz

Click here to take the quiz!

General Stats

  • This quiz has been taken 225 times
  • The average score is 8 of 12

Answer Stats

HintAnswer% Correct
Main LanguageMalayalam
99%
CapitalThiruvananthapuram
87%
Number of Districts14
82%
What is Kerala also known asGod's Own Country
82%
Harvest FestivalOnam
82%
State MammalElephant
76%
It is known for this kind of treeCoconut
74%
April FestivalVishu
56%
Chief MinisterPinarayi Vijayan
53%
When do we celebrate Kerala PiraviNovember 1
44%
People from here are known as...Malayalees
39%
Auspicious Yellow TreeKanikonna
24%

Score Distribution

Percentile by Number Answered

Percent of People with Each Score

Your Score History

You have not taken this quiz